000 01158nam a2200289 a 4500
001 3510165
003 NUST-PNEC
005 20170116180731.0
008 950125s1995 enka b 001 0 eng
010 _a 95108526
020 _a0201624443
040 _aDLC
_cPNEC
050 0 0 _aQA76.64
_b.E428 1995
082 0 0 _a005.133 ELI
_220
100 1 _aEliens, Anton
_9981
245 1 0 _aPrinciples of object-oriented software development /
_cAnton Eliƫns.
260 _aWokingham, England :
_aReading, Mass. :
_bAddison-Wesley Pub. Co.,
_cc1995.
300 _axvii, 513 p. :
_bill. ;
_c24 cm.
440 0 _aInternational computer science series
504 _aIncludes bibliographical references (p. 491-503) and index.
650 0 _aObject-oriented programming (Computer science)
_xComputer, MIS
650 0 _aComputer software
_xDevelopment.
856 _uhttp://www.amazon.com/s/ref=nb_sb_noss?url=search-alias%3Dstripbooks&field-keywords=0201624443
906 _a7
_bcbc
_corignew
_d2
_encip
_f19
_gy-gencatlg
942 _2ddc
_cBK
999 _c61793
_d61793